Das geteilte Deutschland - Quiz - Statistiken

Allgemein
  • Dieses Quiz wurde 462 mal gespielt
    331 seit der letzten Aktualisierung
  • Das Durchschnittsergebnis liegt bei 12 aus 15
Antwortstatistiken
Frage Antwort % Korrekt
Welche zwei Staaten wurden 1949 durch die Teilung Deutschlands gegründet? Deutsche Demokratische Republik
94%
Welche zwei Staaten wurden 1949 durch die Teilung Deutschlands gegründet? Bundesrepublik Deutschland
93%
In welchem Jahr wurden die beiden Staaten gegründet? 1949
92%
Welche vier Besatzungszonen entstanden nach dem Zweiten Weltkrieg? Frankreich
91%
Welche vier Besatzungszonen entstanden nach dem Zweiten Weltkrieg? Vereinigte Staaten
91%
Welche Mauer trennte Ost und West? {Berliner} Mauer
90%
Wo wurden die überlebenden Hauptverantwortlichen der NS-Zeit angeklagt und bestraft? Nürnberger Prozesse
89%
Welche vier Besatzungszonen entstanden nach dem Zweiten Weltkrieg? Sowjetunion
88%
Welche vier Besatzungszonen entstanden nach dem Zweiten Weltkrieg? Vereinigtes Königreich
87%
Nach welchem Vorbild wollte die ostdeutsche Regierung Deutschland errichten? Nach stalinistischem Vorbild
78%
Was war der bekannteste Grenzübergang zwischen Ost- und Westberlin? Checkpoint Charlie
74%
Wie hieß die einzig regierende Partei des ostdeutschen Staates? Sozialistische Einheitspartei Deutschlands (SED)
70%
Wie wurde die faktische Teilung Europas in Ost- und Westblock genannt? Eiserner Vorhang
52%
In welchem Abkommen wurde die Teilung in Besatzungszonen festgelegt? {Potsdamer} Abkommen
41%
Welches Ereignis im Jahr 1990 führte zur offiziellen Wiedervereinigung Deutschlands? {Friedliche} Revolution
32%
Keine übereinstimmenden Quizze gefunden
Verteilung der Resultate
Anzahl Personen mit jedem Resultat
Perzentil nach korrekt beantworteten Fragen
Ihre Resultats-Entwicklung
Sie haben dieses Quiz seit der letzten Aktualisierung nicht gespielt